West Wing Obscure Trivia Pt 2 - Statistics

General Stats
  • This quiz has been taken 151 times
    41 since last reset
  • The average score is 14 of 21
Answer Stats
Question Answer % Correct
Why are both CJ and Ainsley not wearing pants on TV They Sat in Wet Paint
97%
What does Babish do when he finds out Bartlet's Secret Breaks the recorder
89%
Where does Leo have his first heart attack In the Woods of Camp David
86%
Why Does Ellie get in trouble She defends the Surgeon General
86%
What does CJ want to do for the wolves Build a highway
81%
At Which School did Rodney Grant (Juwan Howard's) play Basketball at Duke
81%
Where do Vinick and Bartlet have their discussion about the Presidency and the Church The White House Kitchen
81%
Which of these is not a code name used in the show Lion
78%
Which Rockstar looks after Santos' kids Bon Jovi
72%
What President is both Debbie and President Walken's Favorite Truman
67%
What Does Matt Santos turn the plane around to do National Guard Fulfillment / Photo Op
61%
What does the President get Charlie to go along with his James Bond movie Yoemen of the Guard
61%
What national park does Bartlet want to take the Group on a tour of Shenandoah
58%
Why does Charlie explain his weekend routine Because Charlie wants Anthony to join him
56%
What is Will Bailey's Hidden Talent Card Throwing
56%
What Bartlet's middle name Edward
56%
What were the words spoken right before the first-ever title sequence played in the Pilot President of the United States
56%
How does the Rabbi refer to the woman rehearsing for the Funeral Service Our Communications Director
50%
How is the story of Justice Mendoza's confirmation told Through a live Speaking obligation
50%
Was it Penzance or Pinafore Pinafore
39%
Who does Bartlet say to start with to help Stackhouse finish his filibuster Friends
6%
No matching quizzes found
Score Distribution
Percent of People with Each Score
Percentile by Number Answered
Your Score History
You have not taken this quiz since the last reset